Direito econm̥ico aplicado. Estudos e pareceres

Detalles Bibliográficos
Autor principal: Bercovici, Gilberto
Formato: eBook
Lenguaje:portugués
Publicado: San Pablo: Editora ContraCorrente, 2016
Materias:
Acceso en línea:Acceso restringido

MARC

LEADER 00000nam a22000007a 4500
005 20191010235919.0
007 cr|||| ||||
008 191011s2016 br |||||s|||| 00||0 por d
020 |a 978-85-69220-06-0 
035 |a 30517 
040 |a vLex 
090 |c 9790  |d 9790 
100 1 |a Bercovici, Gilberto 
245 1 0 |a Direito econm̥ico aplicado. Estudos e pareceres  |h [Recurso electrn̤ico] /  |c Gilberto Bercovici 
256 |a Servicio en ln̕ea 
260 |a San Pablo:  |b Editora ContraCorrente,  |c 2016 
300 |a 1 recurso electrn̤ico 
506 1 |a Disponible solo en los productos indicados  |d vLex Global  |d vLex Global (Academic Edition, excluding Law Schools)  |d vLex Global (U.S. Academic Edition, Law Schools)  |d vLex Global (U.S. Academic Edition, excluding Law Schools)  |d vLex Global (Academic Edition, Law Schools) 
650 0 4 |a Derecho Pb︢lico y Administrativo  |z Brasil 
740 0 |a vLex Libros (Servicio en ln̕ea) 
856 4 0 |u http://vlex.com/source/direito-econ-mico-aplicado-estudos-pareceres-30517  |z Acceso restringido 
942 |c BOOK 
999 0 |a Public and Administrative Law